01748nam a2200265 a 450000100080000000500110000800800410001910000270006024500980008726001240018530000100030950000150031952008960033465000110123065000180124165000350125965000130129465000190130765000220132665000250134865300210137365300420139470000190143670000270145510082062020-02-10 2001 bl uuuu u00u1 u #d1 aSILVA, J. dos S. V. da aDeforestation within the higher Paraguay river basinbBrazilian Pantanal wetland: until 1976. aIn: SIMPÓSIO BRASILEIRO DE SENSORIAMENTO REMOTO, 10., 2001, Foz do Iguaçu. Anais... São José dos Campos: INPEc2001 a10 p. aSBSR 2001. aO estudo foi realizado na Bacia do Alto Paraguai no Brasil (BAP), onde encontra-se inserido o Pantanal, abrangendo uma area total de 361.666 km2. Objetivou mapear e quantificar o desmatamento nessa regiao ate 1976. Foram utilizadas imagens de satelite Landsat MSS, coloridas, nas bandas 4,5,7 (RGB), escala de 1:250.000. A interpretacao das imagens foi de modo visual. para geracao de mapas e a quantificacao das areas desmatadas utilizou-se um Sistema de Informacoes Geograficas (SIG). Como resultados obtiveram-se 34 cartas tematicas de desmatamento na escala de 1:250.000, disponiveis em formato digital. O desmatamento da BAP foi quantificado em 11.439 km2 ou 3,16% e o desamatamento do Pantanal em 635 km2 ou 0,46%. O desmatamento no planalto e 17 vezes maior do que no Pantanal. tambem sao apresentados resultados quantitativos por Estado (MT e MS), planalto, sub-regioes e municipios. aBrazil adeforestation aGeographic information systems aPantanal aremote sensing aImpacto Ambiental aSensoriamento Remoto aGeoprocessamento aSistema de informações geográficas1 aMELO, E. C. de1 aALMEIDA JÚNIOR, N. de